Statistics for Countries with out railway

Click here to take the quiz!

General Stats

  • This quiz has been taken 20 times
  • The average score is 10 of 26

Answer Stats

Answer% Correct
san marino
61%
malta
61%
andorra
56%
tonga
56%
bhutan
56%
tuvalu
50%
marshall islands
50%
micronesia
50%
vanuatu
44%
east timor
44%
iceland
44%
trinidad and tobago
44%
suriname
44%
solomon islands
39%
yemen
39%
qatar
33%
mauritius
33%
kuwait
33%
cyprus
33%
papua new guinea
28%
oman
28%
rwanda
22%
niger
17%
libya
17%
guinea bissau
17%
somalia
0%

Score Distribution

Percentile by Number Answered

Percent of People with Each Score

Your Score History

You have not taken this quiz